000 00166nam a2200085Ia 4500
100 _aROY ARUNDHATI
942 _cBK
245 _aTHE GOD OF SMALL THINGS
260 _b#N/A
999 _c35155
_d35155